=LDR 00000nam 2200000 4500 =001 INLIS000000000016102 =005 20200305093530 =035 ##$$a 0010-061300000016102 =008 200305################g##########0#ind## =041 ##$$a Ind =082 ##$$a 177.6 =090 ##$$a 177.6, May s =100 ##$$a Mayeroff, Milton =245 1#$$a Seni memperhatikan, /$c Milton Mayeroff ; Penerjemah dan pengantar Drs. Agus Cremes dan Drs. Frans Ceunfin =260 ##$$a Jakarta :$b Gramedia Pustaka Utama,$c 1991 =300 ##$$a ix,160 hlm. ; $c 21 X 14 cm. =650 #4$$a Etika Pergaulan =700 #$$a Cremes, Agus =850 ##$$a NBPNMAT =020 ##$$a 979-511-136-1 =084 ##$$a 177.6 MAY s =990 ##$$a 00034942 =990 ##$$a 57.487/pro93 =990 ##$$a 00034944 =990 ##$$a 00034945 =990 ##$$a 44.245/Pro.92 =990 ##$$a 00045258